| 000 | 00395nam a2200145Ia 4500 | ||
|---|---|---|---|
| 008 | 230917s9999||||xx |||||||||||||| ||und|| | ||
| 040 |
_e70548 _aMAIN |
||
| 041 | _aEnglish | ||
| 082 | _a338.16 R144S | ||
| 100 | _aRam Chander | ||
| 245 | 4 | _aThe system of landholdings in Harayana: cost-output analysis | |
| 260 |
_aKurukshetra _bUniversity Press _c1977 |
||
| 300 | _aiii, 115 p. | ||
| 942 | _cBK | ||
| 999 |
_c199196 _d199196 |
||